000 00680nam a2200253Ia 4500
003 OSt
005 20220924120130.0
006 a|||||r|||| 00| 0
007 ta
008 220923b |||||||| |||| 00| 0 urd d
020 _c2
024 _a321250
037 _cTextual
040 _aARTS
_cARTS
_burd
041 _2urd
_aurd
082 _aQ7xNTA,1, 168K1
100 _aTayyab Mohammad Au.
_9155379
245 0 _aAl-kalima-al-Tayyab
260 _aDelhi
_bKutub Khana Anjuman Taraqqi Urdu India
_c1961
300 _a160p.
_ccm.
650 _aISLAM
_9577
942 _hQ7xNTA,1, 168K1
_cTEXL
_2CC
999 _c401378
_d401378